Σύγχρονη προπόνηση αντοχής/ (Record no. 9912)
[ view plain ]
| 000 -LEADER | |
|---|---|
| fixed length control field | 04983nam a22002177a 4500 |
| 005 - ΗΜΕΡΟΜΗΝΙΑ ΚΑΙ ΩΡΑ ΤΕΛΕΥΤΑΙΑΣ ΕΝΗΜΕΡΩΣΗΣ | |
| Πεδίο ελέγχου | 20250902111637.0 |
| 006 - FIXED-LENGTH DATA ELEMENTS--ADDITIONAL MATERIAL CHARACTERISTICS | |
| Πεδίο ελέγχου σταθερού μήκους | a|||||r||||||||||| |
| 008 - FIXED-LENGTH DATA ELEMENTS--GENERAL INFORMATION | |
| Πεδίο ελέγχου σταθερού μήκους | 250902s |||||||| |||| 00| ||gre d |
| 020 ## - ISBN | |
| ISBN | 9789602780701 |
| 040 ## - ΠΗΓΗ ΚΑΤΑΛΟΓΟΓΡΑΦΗΣΗΣ | |
| Φορέας πρωτότυπης καταλογογράφησης | MC Athens Campus Library |
| Γλώσσα καταλογογράφησης | Ελληνικά, Μοντέρνα (1453-) |
| Modifying agency | MC Athens Campus Library |
| Κανόνες περιγραφικής καταλογογράφησης | AACR2 |
| 100 ## - MAIN ENTRY--PERSONAL NAME | |
| Personal name | García-Verdugo Delmas, Mariano |
| Σχέση | Συγγραφέας |
| 9 (RLIN) | 10061 |
| 245 10 - ΤΙΤΛΟΣ ΚΑΙ ΔΗΛΩΣΗ ΥΠΕΥΘΥΝΟΤΗΤΑΣ | |
| Τίτλος | Σύγχρονη προπόνηση αντοχής/ |
| Remainder of title | Mariano Garcia-Verdugo Delmas; |
| Statement of responsibility, etc. | επιμέλεια έκδοσης Δημήτριος Ελ. Σούλας ; μετάφραση Ελευθέριος Δημ. Σούλας. |
| 260 ## - PUBLICATION, DISTRIBUTION, ETC. | |
| Place of publication, distribution, etc. | Θεσσαλονίκη: |
| Name of publisher, distributor, etc. | Σάλτο, |
| Date of publication, distribution, etc. | 2020 |
| 300 ## - PHYSICAL DESCRIPTION | |
| Extent | 416 σ.; |
| Διαστάσεις | 24 εκ. |
| 520 ## - SUMMARY, ETC. | |
| Summary, etc. | Είναι γεγονός ότι ένα σημαντικό μέρος της προπόνησης που πραγματοποιεί ένας αθλητής δεν επιφέρει τα προσδοκώμενα αποτελέσματα, παρά μόνο να παράγει κόπωση. Από την άλλη, τα επίπεδα της απόδοσης και της προπόνησης φτάνουν σε ένα σημείο κατά το οποίο οι βελτιώσεις βασίζονται στο «προπονήσου κάθε φορά περισσότερο και πιο δυνατά» αφήνοντας μικρό περιθώριο βελτίωσης. Αυτός είναι ο λόγος για τον οποίο η τρέχουσα τάση αναφορικά με τις δυνατότητες βελτίωσης της απόδοσης θα πρέπει να κατευθύνεται προς μια καλύτερη διαχείριση της διαθέσιμης ενέργειας, η οποία θα προκύψει από τη βέλτιστη διαχείριση των προπονητικών επιβαρύνσεων. Στο βιβλίο αυτό προτείνουμε τη μεθοδολογία που βασίζεται σε ένα προπονητικό πλάνο (το μοντέλο DIPER), το οποίο είναι απλό στην εφαρμογή του και πάνω απ' όλα δεν απαιτεί μέσα και πόρους, τα οποία είναι υπερβολικά ακριβά και περίπλοκα. Το μοντέλο DIPER είναι ένα προπονητικό μοντέλο που βασίζεται σε οκτώ ζώνες ή λειτουργικές περιοχές που πρέπει να είναι γνωστές με τη μεγαλύτερη δυνατή ακρίβεια και οι οποίες εξαρτώνται άμεσα από την ισχύ (ένταση) με την οποία εφαρμόζονται οι επιβαρύνσεις. Για τον σκοπό αυτό, παρέχονται οι απαραίτητες γνώσεις και τα εργαλεία για να καθοριστούν αυτά τα όρια και οι μεταβάσεις των ζωνών, καθώς επίσης και για να διευκολυνθεί ο έλεγχος της προπόνησης του αθλητή. Το βιβλίο απευθύνεται ειδικά: Στους προπονητές που επιθυμούν να βελτιώσουν τις γνώσεις τους σχετικά με την εφαρμογή των προπονητικών επιβαρύνσεων. Στους θεωρητικούς που επιδιώκουν να βελτιώσουν τις γνώσεις τους για να διδάξουν τα σχετικά με την προπόνηση της αντοχής. Στους τεχνικούς όλων των αθλημάτων και στους λάτρεις της αθλητικής απόδοσης. Στους αθλητές που έχουν ανάγκη να κατανοήσουν τους λόγους των επιβαρύνσεων που τους αναθέτουν οι προπονητές τους. Ο συγγραφέας, Mariano Garcia-Verdugo, ήταν ο εθνικός προπονητής, υπεύθυνος για τους δρόμους ημιαντοχής της Βασιλικής Ισπανικής Ομοσπονδίας Στίβου. Με αυτήν την ιδιότητα ήταν παρών σε 6 Ολυμπιακούς Αγώνες και σε 19 Παγκόσμια Πρωταθλήματα Στίβου. Σήμερα είναι καθηγητής στο Ολυμπιακό Κέντρο Ανώτατων Σπουδών και είναι ομοσπονδιακός προπονητής στίβου. Είναι συγγραφέας πολλών βιβλίων σχετικών με τους δρόμους αντοχής και έχει δημοσιεύσει σειρά άρθρων σχετικών με την αντοχή. |
| 650 #0 - SUBJECT ADDED ENTRY--TOPICAL TERM | |
| Topical term or geographic name entry element | Υγείας & Αθλητισμού |
| 9 (RLIN) | 9990 |
| 700 ## - ΠΡΟΣΘΕΤΗ ΑΝΑΓΡΑΦΗ--ΦΥΣΙΚΟ ΠΡΟΣΩΠΟ | |
| Personal name | Σούλας, Δημήτριος |
| Σχέση | Επιμελητής |
| 9 (RLIN) | 10062 |
| 700 ## - ΠΡΟΣΘΕΤΗ ΑΝΑΓΡΑΦΗ--ΦΥΣΙΚΟ ΠΡΟΣΩΠΟ | |
| Personal name | Σούλας, Ελευθέριος |
| Σχέση | Επιμελητής |
| 9 (RLIN) | 10063 |
| 942 ## - ADDED ENTRY ELEMENTS (KOHA) | |
| Koha item type | Books |
| Τύπος τεκμηρίου | Βιβλιοθήκη | Τρέχουσα τοποθεσία | Barcode | Αριθμός εισαγωγής | Ημερομηνία απόκτησης | Ταξιθετικό σύμβολο | Αριθμός αντιτύπου | Κατάσταση απόσυρσης | Κατάσταση χαμένου | Κατάσταση κατεστραμμένου | Μη δανεισμός | Σύνολο δανεισμών | Ημερομηνία τελευταίας εμφάνισης | Χρονολογία τελευταίου δανεισμού | Η τιμή ισχύει από |
|---|---|---|---|---|---|---|---|---|---|---|---|---|---|---|---|
| Books | MC Athens Campus Library | MC Athens Campus Library | 9780000098825 | 8069 | 02/09/2025 | 796.077 GAR | 1 | 1 | 13/11/2025 | 07/11/2025 | 02/09/2025 |